<?xml version="1.0" encoding="UTF-8"?><?xml-stylesheet type="text/xsl" href="static/style.xsl"?><OAI-PMH xmlns="http://www.openarchives.org/OAI/2.0/" xmlns:xsi="http://www.w3.org/2001/XMLSchema-instance" xsi:schemaLocation="http://www.openarchives.org/OAI/2.0/ http://www.openarchives.org/OAI/2.0/OAI-PMH.xsd"><responseDate>2026-04-14T09:25:42Z</responseDate><request verb="GetRecord" identifier="oai:www.recercat.cat:10459.1/48947" metadataPrefix="marc">https://recercat.cat/oai/request</request><GetRecord><record><header><identifier>oai:recercat.cat:10459.1/48947</identifier><datestamp>2024-12-05T21:51:58Z</datestamp><setSpec>com_2072_3622</setSpec><setSpec>col_2072_479130</setSpec></header><metadata><record xmlns="http://www.loc.gov/MARC21/slim" xmlns:dcterms="http://purl.org/dc/terms/" xmlns:xsi="http://www.w3.org/2001/XMLSchema-instance" xmlns:doc="http://www.lyncode.com/xoai" xsi:schemaLocation="http://www.loc.gov/MARC21/slim http://www.loc.gov/standards/marcxml/schema/MARC21slim.xsd">
   <leader>00925njm 22002777a 4500</leader>
   <datafield ind2=" " ind1=" " tag="042">
      <subfield code="a">dc</subfield>
   </datafield>
   <datafield ind2=" " ind1=" " tag="720">
      <subfield code="a">Samper Rasero, Luis</subfield>
      <subfield code="e">author</subfield>
   </datafield>
   <datafield ind2=" " ind1=" " tag="720">
      <subfield code="a">Garreta i Bochaca, Jordi</subfield>
      <subfield code="e">author</subfield>
   </datafield>
   <datafield ind2=" " ind1=" " tag="260">
      <subfield code="c">2015-11-10T15:55:18Z</subfield>
   </datafield>
   <datafield ind2=" " ind1=" " tag="260">
      <subfield code="c">2015-11-10T15:55:18Z</subfield>
   </datafield>
   <datafield ind2=" " ind1=" " tag="260">
      <subfield code="c">2006</subfield>
   </datafield>
   <datafield ind2=" " ind1=" " tag="520">
      <subfield code="a">De la literatura sociológica, antropológica y de ciencias políticas centrada en el estudio de la inmigración parece desprenderse la idea de que el impacto de la inmigración extracomunitaria ha sido eminentemente urbana y, especialmente, focalizada en las grandes ciudades. No siendo esto falso, lo que también es cierto es que el fenómeno migratorio está influyendo de forma decisiva en localidades de menor tamaño, que pueden hasta vivirlo de forma más acusada. El&#xd;
estudio que presentamos, realizado en una comarca de Lleida que ha vivido un notable incremento de la inmigración en los últimos diez años, ha consistido en la realización de 9 grupos de discusión y 1.086 encuestas que nos ha permitido, entre otras cuestiones, analizar el impacto que ha tenido la inmigración en la identidad, concretamente diferenciando entre los discursos reificador, reivindicativo, proactivo y ensimismado e intentando presentar que en las identidades colectivas son múltiples, complejas e, incluso, contradictorias.</subfield>
   </datafield>
   <datafield ind2=" " ind1=" " tag="520">
      <subfield code="a">«Identity and immigration. Speeches on identities and alteridades».The sociological,&#xd;
anthropological political science literature centered on the study of immigration seem to transmit the idea that the impact of non-EU immigration has been eminently urban and, especially, focused in the large cities. Although not false, it is also true that the migratory phenomenon is having a decisive influence in smaller places, which can even experience it more acutely. The study we present here, carried out in a district near Lleida that has undergone a notable increase in immigration in the last ten years, consisted of 9 discussion groups and 1,086 interviews that enabled us, among other questions, to analyze the impact immigration has had on identity, specifically differentiating between the reificating, assertive, proactive and inward-looking discourses to show that the collective identities are multiple, complex and, even, contradictory.</subfield>
   </datafield>
   <datafield ind1="8" ind2=" " tag="024">
      <subfield code="a">http://hdl.handle.net/10459.1/48947</subfield>
   </datafield>
   <datafield tag="653" ind2=" " ind1=" ">
      <subfield code="a">Inmigración</subfield>
   </datafield>
   <datafield tag="653" ind2=" " ind1=" ">
      <subfield code="a">Identidad</subfield>
   </datafield>
   <datafield tag="653" ind2=" " ind1=" ">
      <subfield code="a">Impacto rural</subfield>
   </datafield>
   <datafield tag="653" ind2=" " ind1=" ">
      <subfield code="a">Cambio social</subfield>
   </datafield>
   <datafield tag="653" ind2=" " ind1=" ">
      <subfield code="a">Immigration</subfield>
   </datafield>
   <datafield tag="653" ind2=" " ind1=" ">
      <subfield code="a">Identity</subfield>
   </datafield>
   <datafield tag="653" ind2=" " ind1=" ">
      <subfield code="a">Rural impact</subfield>
   </datafield>
   <datafield tag="653" ind2=" " ind1=" ">
      <subfield code="a">Social change</subfield>
   </datafield>
   <datafield tag="653" ind2=" " ind1=" ">
      <subfield code="a">Immigrants</subfield>
   </datafield>
   <datafield tag="653" ind2=" " ind1=" ">
      <subfield code="a">Identitat col·lectiva</subfield>
   </datafield>
   <datafield tag="653" ind2=" " ind1=" ">
      <subfield code="a">Relacions culturals</subfield>
   </datafield>
   <datafield ind2="0" ind1="0" tag="245">
      <subfield code="a">Identidad e inmigración. Discursos sobre identidades y alteridades</subfield>
   </datafield>
</record></metadata></record></GetRecord></OAI-PMH>